| Tag |
First Indicator |
Second Indicator |
Subfields |
| LEADER |
00000cgm a2200000Ii 4500 |
| 001 |
in00004016113 |
| 005 |
20190416173758.0 |
| 006 |
m o c |
| 007 |
vz mzazuu |
| 007 |
cr mna|||||||| |
| 008 |
160527t20152015nyu053 o vlfre d |
| 035 |
|
|
|a (OCoLC)on1031278275
|
| 040 |
|
|
|a TXA
|b eng
|e rda
|e pn
|c TXA
|
| 035 |
|
|
|a (OCoLC)1031278275
|
| 041 |
1 |
|
|a fre
|j eng
|h fre
|
| 043 |
|
|
|a e-fr---
|
| 050 |
1 |
4 |
|a DC34.5.B55
|b T76 2015
|
| 049 |
|
|
|a TXAM
|
| 245 |
0 |
0 |
|a Trop noire pour être française? =
|b Too black to be French? /
|c Quark Productions / ARTE France présentent ; un film de Isabelle Boni-Claverie ; ecrit et réalisé par Isabelle Boni-Claverie.
|
| 246 |
3 |
1 |
|a Too black to be French?
|
| 246 |
1 |
|
|i Subtitle on Kanopy web page:
|a Racism in France
|
| 257 |
|
|
|a France
|2 naf
|
| 264 |
|
1 |
|a {New York, NY] :
|b Women Make Movies,
|c [2015]
|
| 264 |
|
4 |
|c ©2015
|
| 300 |
|
|
|a 1 online resource (1 video file (53 min., 13 sec.)) :
|b sound, color with black and white sequences
|
| 336 |
|
|
|a two-dimensional moving image
|b tdi
|2 rdacontent
|
| 337 |
|
|
|a computer
|b v
|2 rdamedia
|
| 338 |
|
|
|a online resource
|b vd
|2 rdacarrier
|
| 344 |
|
|
|a digital
|2 rda
|
| 347 |
|
|
|a video file
|2 rdaft
|
| 380 |
|
|
|a Motion picture.
|
| 546 |
|
|
|a Closed captioned; In French with English subtitles.
|
| 511 |
0 |
|
|a Voice and interviewer: Isabelle Boni-Claverie
|
| 508 |
|
|
|a Edited by Sébastien Touta, Solveig Risacher & Gwénola Héaulme.
|
| 500 |
|
|
|a Originally released as a motion picture in 2015.
|
| 500 |
|
|
|a Wide screen (16:9 ratio).
|
| 520 |
|
|
|a "In this documentary film, Isabelle Boni-Claverie explores the role of race and the persistence of racism in France, as well as the impact of the French colonial past. Through an exploration of her personal family history, and interviews with historians and academics, TOO BLACK TO BE FRENCH peels back the layers of race relations in supposedly institutionally colorblind France. Boni-Claverie, a French-Ivorian, who grew up in upper class French society, unpacks how socio-economic privilege doesn't mean protection from racial discrimination. Boni-Claverie solicits anonymous individuals to speak on their daily experiences with race, class, discrimination and micro-aggressions. TOO BLACK TO BE FRENCH also features interviews with acclaimed sociologists and historians including Pap Ndiaye, Eric Fassin, Achille Mbembe, and Patrick Simon to help contextualize racial history in France. Boni-Claverie's film starts an urgent discussion on French society's inequalities and discrimination." -- www.wmm.com
|
| 588 |
|
|
|a Description based on online resource; title from title frames (viewed on April 13, 2018).
|
| 650 |
|
0 |
|a Blacks
|z France.
|
| 651 |
|
0 |
|a France
|x Race relations.
|
| 650 |
|
0 |
|a Racism
|z France.
|
| 655 |
|
7 |
|a Documentary films.
|2 lcgft
|
| 655 |
|
7 |
|a Biographical films.
|2 lcgft
|
| 655 |
|
7 |
|a Feature films.
|2 lcgft
|
| 655 |
|
7 |
|a Motion pictures, French.
|2 local
|
| 655 |
|
7 |
|a Foreign films.
|2 local
|
| 655 |
|
7 |
|a Internet videos.
|2 lcgft
|
| 655 |
|
7 |
|a Nonfiction films.
|2 lcgft
|
| 655 |
|
7 |
|a Video recordings for the hearing impaired.
|2 lcgft
|
| 655 |
|
7 |
|a Biographical films.
|2 gsafd
|
| 700 |
1 |
|
|a Touta, Sébastien,
|e editor of moving image work.
|
| 700 |
1 |
|
|a Risacher, Solveig,
|e editor of moving image work.
|
| 700 |
1 |
|
|a Héaulme, Gwénola,
|e editor of moving image work.
|
| 700 |
1 |
|
|a Boni-Claverie, Isabelle,
|e screenwriter,
|e film director.
|
| 710 |
2 |
|
|a ARTE France,
|e production company.
|
| 710 |
2 |
|
|a Quark Productions,
|e production company.
|
| 856 |
4 |
0 |
|u http://proxy.library.tamu.edu/login?url=http://coral.library.tamu.edu/resourcelink.php?resource=11639
|z Connect to this streaming video (Kanopy)
|t 0
|
| 994 |
|
|
|a C0
|b TXA
|
| 948 |
|
|
|a cataloged
|b h
|c 2018/4/13
|d o
|e jho
|f 2:26:01 pm
|
| 999 |
f |
f |
|s f9129322-6f20-3ef7-a3b3-1d70813acbb0
|i c23fd609-4e3f-3e56-a857-c4e8f25b2640
|t 0
|
| 952 |
f |
f |
|a Texas A&M University
|b College Station
|c Electronic Resources
|d Available Online
|t 0
|e DC34.5.B55 T76 2015
|h Library of Congress classification
|
| 998 |
f |
f |
|a DC34.5.B55 T76 2015
|t 0
|l Available Online
|